| 000 | 00632nam a22002297a 4500 | ||
|---|---|---|---|
| 001 | 5636 | ||
| 003 | FISKH | ||
| 005 | 20250108112505.0 | ||
| 008 | 250108b cb ||||| |||| 00| 0 eng d | ||
| 040 |
_aFISKH _beng _cFISKH _dFISKH |
||
| 100 | _aWatts, John | ||
| 245 |
_aEarly encounters / _cby John Watts |
||
| 250 | _aFirst published 1970 | ||
| 260 |
_aLondon : _bLongman Group Ltd ; _c1970. |
||
| 300 |
_a146 pages : _billustrations ; _c22 cm . |
||
| 505 | _aS | ||
| 521 | 8 |
_a790
_bLexile estimate |
|
| 521 | 8 |
_aS
_bRaz-Plus |
|
| 700 |
_aKeeping, Charles _eillustrator |
||
| 942 |
_2ddc _cBK _n0 |
||
| 999 |
_c5636 _d5636 |
||